A BIM professional's guide to learning Archicad : boost your design workflow by efficiently visualizing, documenting, and delivering BIM projects /

Bibliographic Details
Main Authors: Boeykens, Stefan (Author), Van de Walle, Ruben (Author)
Format: eBook
Language:English
Published: Birmingham : Packt Publishing, 2023.
Subjects:
Online Access:Connect to the full text of this electronic book

MARC

Tag First Indicator Second Indicator Subfields
LEADER 00000cam a22000001i 4500
001 in00004724913
006 m o d
007 cr |||||||||||
008 230123s2023 enk o 000 0 eng d
005 20260123205551.9
015 |a GBC356628  |2 bnb 
016 7 |a 020992218  |2 Uk 
019 |a 1378359676  |a 1379290604 
020 |a 9781803245348  |q ebook 
020 |a 1803245344  |q (electronic bk.) 
020 |z 9781803246574  |q paperback 
020 |z 180324657X 
035 |a (OCoLC)1379485764  |z (OCoLC)1378359676  |z (OCoLC)1379290604 
037 |a 9781803245348  |b Packt Publishing Limited 
037 |a 9781803246574  |b O'Reilly Media 
040 |a UKMGB  |b eng  |e rda  |e pn  |c UKMGB  |d YDX  |d UKAHL  |d ORMDA  |d N$T 
049 |a TXAM 
050 4 |a TA174 
082 0 4 |a 720.285  |2 23/eng/20230524 
100 1 |a Boeykens, Stefan,  |e author. 
245 1 2 |a A BIM professional's guide to learning Archicad :  |b boost your design workflow by efficiently visualizing, documenting, and delivering BIM projects /  |c Stefan Boeykens, Ruben van de Walle. 
264 1 |a Birmingham :  |b Packt Publishing,  |c 2023. 
300 |a 1 online resource (633 pages) 
336 |a text  |b txt  |2 rdacontent 
337 |a computer  |b c  |2 rdamedia 
338 |a online resource  |b cr  |2 rdacarrier 
500 |a Table of ContentsWhat Is Archicad and How Can You Learn It?Getting Started with ArchicadBuilding a Basic Residential Model: Modeling the Construction ElementsBuilding a Basic Residential Model: Adding Roofs, Zones, Beams, and ColumnsBuilding a Basic Residential Model: Modeling Openings, Stairs, and ObjectsBasic Drafting and 2D Views Adding Annotations and Creating 2D OutputUsing Advanced Modeling Tools for Developed DesignUsing Advanced System Tools for Designing Stairs and Curtain WallsUsing the Mesh Tool and Wizards to Finalize a DesignUsing Advanced Attributes and the Renovation Tool for a Wider Design Range2D Construction Drawings and 3D Views with Linked AnnotationsData Extraction and VisualizationAutomating the Publication of BIM Extracts The Various Visualisation Techniques in ArchicadAppendix: Some Final Tips and Tricks. 
588 |a Description based on CIP data; resource not viewed. 
650 0 |a Buildings  |x Computer-aided design. 
650 0 |a Computer-aided design  |x Computer programs. 
655 7 |a Electronic books.  |2 local 
700 1 |a Van de Walle, Ruben,  |e author. 
776 0 8 |i Print version:  |z 9781803246574 
856 4 0 |u https://proxy.library.tamu.edu/login?url=https://go.oreilly.com/TAMU/library/view/-/9781803246574/?ar  |z Connect to the full text of this electronic book  |t 0 
955 |a Safari/O'Reilly ebooks 
994 |a 92  |b TXA 
999 f f |s c0623d83-7289-4fc1-af13-9f41016e551e  |i 57b4e177-2025-4420-ae8a-a5b03f54ad1a  |t 0 
952 f f |a Texas A&M University  |b College Station  |c Electronic Resources  |s www_evans  |d Available Online  |t 0  |e TA174   |h Library of Congress classification 
998 f f |a TA174   |t 0  |l Available Online